<?xml version="1.0" encoding="UTF-8"?>
<record
    xmlns:xsi="http://www.w3.org/2001/XMLSchema-instance"
    xsi:schemaLocation="http://www.loc.gov/MARC21/slim http://www.loc.gov/standards/marcxml/schema/MARC21slim.xsd"
    xmlns="http://www.loc.gov/MARC21/slim">

  <leader>03234njm a2200505Ia 4500</leader>
  <controlfield tag="001">23928</controlfield>
  <controlfield tag="003">IT-RoPAU</controlfield>
  <controlfield tag="005">20220918181125.0</controlfield>
  <controlfield tag="008">131025s9999    xx            000 0 und d</controlfield>
  <datafield tag="040" ind1=" " ind2=" ">
    <subfield code="a">IT-RoPAU</subfield>
  </datafield>
  <datafield tag="040" ind1=" " ind2=" ">
    <subfield code="c">IT-RoPAU</subfield>
  </datafield>
  <datafield tag="041" ind1=" " ind2=" ">
    <subfield code="a">ITALIANO</subfield>
  </datafield>
  <datafield tag="999" ind1=" " ind2=" ">
    <subfield code="c">100095</subfield>
    <subfield code="d">100095</subfield>
  </datafield>
  <datafield tag="999" ind1=" " ind2=" ">
    <subfield code="b">n.d.</subfield>
  </datafield>
  <datafield tag="100" ind1=" " ind2=" ">
    <subfield code="a">AA.VV.</subfield>
    <subfield code="9">794</subfield>
  </datafield>
  <datafield tag="100" ind1=" " ind2=" ">
    <subfield code="e">Autore musica</subfield>
    <subfield code="9">7590</subfield>
  </datafield>
  <datafield tag="100" ind1=" " ind2=" ">
    <subfield code="g">Codice autore musica SPICS: 12000</subfield>
    <subfield code="9">796</subfield>
  </datafield>
  <datafield tag="245" ind1=" " ind2=" ">
    <subfield code="a">Sei forte pap&#xE0;, Johnny Bassotto, ecc. (Lp Nl 33033)</subfield>
  </datafield>
  <datafield tag="250" ind1=" " ind2=" ">
    <subfield code="a">1a ed.</subfield>
  </datafield>
  <datafield tag="260" ind1=" " ind2=" ">
    <subfield code="a">ROMA</subfield>
  </datafield>
  <datafield tag="260" ind1=" " ind2=" ">
    <subfield code="b">RCA (RADIO CORP. AMERICA)</subfield>
    <subfield code="c">1977 [1a Ed.:1977 - Ed. Lingua Orig.: 1977]</subfield>
  </datafield>
  <datafield tag="300" ind1=" " ind2=" ">
    <subfield code="a">DISCO</subfield>
  </datafield>
  <datafield tag="300" ind1=" " ind2=" ">
    <subfield code="c">39 minuti (Testo:  pag.)</subfield>
  </datafield>
  <datafield tag="500" ind1=" " ind2=" ">
    <subfield code="a">Canzoni per bambini tratte da films o successi televisivi.</subfield>
  </datafield>
  <datafield tag="505" ind1=" " ind2=" ">
    <subfield code="a">Sei forte pap&#xE0; [(Morandi Gianni) (4:00)] - Sandokan [(Onions Oliver) (4:00)] - I bambini d'Italia [(Toffolo Lino) (3:00)] - Dune Buggy [(Onions Oliver) (3:00)]- Il mondo di frutta candita [(Prudente Oscar) (4:00)] - Flying Through the Air [(Duncan Starkey) (3:00)] - Virgola [(Lauzi Bruno) (4:00)] - Zorro Is Back [(Onions Oliver) (4:00)] - La tartaruga [(Lauzi Bruno) (3:00)] - Johnny Bassotto [(Toffolo Lino) (3:00)] - Ricordando King Kong [(The Apes) (4:00)] - Asdrubale [(Fiammetta) (4:00)]</subfield>
  </datafield>
  <datafield tag="511" ind1=" " ind2=" ">
    <subfield code="a">Le voci dei bambini sono di Marianna Morandi e Andrea Zambrini</subfield>
  </datafield>
  <datafield tag="511" ind1=" " ind2=" ">
    <subfield code="a">Coro I Nostri Figli di Nora Orlandi diretti da Caruso Pino</subfield>
  </datafield>
  <datafield tag="511" ind1=" " ind2=" ">
    <subfield code="a">Archi di T. Torquati</subfield>
  </datafield>
  <datafield tag="511" ind1=" " ind2=" ">
    <subfield code="a">Voci dei bambini: Maurizio Lauzi e i Piccoli Cantori di Comolli</subfield>
  </datafield>
  <datafield tag="511" ind1=" " ind2=" ">
    <subfield code="a">I Pierini Canterini</subfield>
  </datafield>
  <datafield tag="650" ind1=" " ind2=" ">
    <subfield code="a">CANTI BAMBINI [DISCHI]</subfield>
    <subfield code="e">Codice MATERIA SPICS: 9950</subfield>
    <subfield code="9">2086</subfield>
  </datafield>
  <datafield tag="700" ind1=" " ind2=" ">
    <subfield code="a">Zambrini</subfield>
    <subfield code="d">Codice autore musica SPICS: 14080</subfield>
    <subfield code="e">Autore musica</subfield>
    <subfield code="p">Sei forte pap&#xE0;</subfield>
    <subfield code="9">7591</subfield>
  </datafield>
  <datafield tag="700" ind1=" " ind2=" ">
    <subfield code="a">Jurgens S.</subfield>
    <subfield code="d">Codice autore testo/musica SPICS: 14184</subfield>
    <subfield code="e">Autore testo/musica</subfield>
    <subfield code="p">Sei forte pap&#xE0;</subfield>
    <subfield code="9">7592</subfield>
  </datafield>
  <datafield tag="700" ind1=" " ind2=" ">
    <subfield code="a">Smith Duncan</subfield>
    <subfield code="d">Codice autore musica SPICS: 26138</subfield>
    <subfield code="e">Autore musica</subfield>
    <subfield code="p">Sandokan - Dune Buggy - Flying Through the Air - Zorro Is Back</subfield>
    <subfield code="9">7593</subfield>
  </datafield>
  <datafield tag="700" ind1=" " ind2=" ">
    <subfield code="a">De Angelis Guido</subfield>
    <subfield code="d">Codice autore SPICS: 10854</subfield>
    <subfield code="e">Autore</subfield>
    <subfield code="p">Sandokan - Dune Buggy - Flying Through the Air - Zorro Is Back</subfield>
    <subfield code="9">7594</subfield>
  </datafield>
  <datafield tag="700" ind1=" " ind2=" ">
    <subfield code="a">De Angelis Maurizio</subfield>
    <subfield code="d">Codice autore testo/musica SPICS: 10855</subfield>
    <subfield code="e">Autore testo/musica</subfield>
    <subfield code="p">Sandokan - Dune Buggy - Flying Through the Air - Zorro Is Back</subfield>
    <subfield code="9">7595</subfield>
  </datafield>
  <datafield tag="700" ind1=" " ind2=" ">
    <subfield code="a">Lauzi Bruno</subfield>
    <subfield code="d">Codice autore musica SPICS: 13267</subfield>
    <subfield code="e">Autore musica</subfield>
    <subfield code="p">I bambini d'Italia - Virgola - La tartaruga - Johnny Bassotto</subfield>
    <subfield code="9">7596</subfield>
  </datafield>
  <datafield tag="700" ind1=" " ind2=" ">
    <subfield code="a">Caruso Pippo</subfield>
    <subfield code="d">Codice autore testo/musica SPICS: 14185</subfield>
    <subfield code="e">Autore testo/musica</subfield>
    <subfield code="p">I bambini d'Italia - La tartaruga - Johnny Bassotto</subfield>
    <subfield code="9">7597</subfield>
  </datafield>
  <datafield tag="700" ind1=" " ind2=" ">
    <subfield code="a">Mogol (Rapetti Giulio)</subfield>
    <subfield code="d">Codice autore musica SPICS: 13643</subfield>
    <subfield code="e">Autore musica</subfield>
    <subfield code="p">Il mondo di frutta candita</subfield>
    <subfield code="9">7598</subfield>
  </datafield>
  <datafield tag="700" ind1=" " ind2=" ">
    <subfield code="a">Prudente Oscar</subfield>
    <subfield code="d">Codice autore testo/musica SPICS: 13875</subfield>
    <subfield code="e">Autore testo/musica</subfield>
    <subfield code="p">Il mondo di frutta candita</subfield>
    <subfield code="9">7599</subfield>
  </datafield>
  <datafield tag="700" ind1=" " ind2=" ">
    <subfield code="a">La Bionda A.</subfield>
    <subfield code="d">Codice autore SPICS: 14187</subfield>
    <subfield code="e">Autore</subfield>
    <subfield code="p">Virgola</subfield>
    <subfield code="9">7600</subfield>
  </datafield>
  <datafield tag="700" ind1=" " ind2=" ">
    <subfield code="a">Maspes</subfield>
    <subfield code="d">Codice autore testo/musica SPICS: 14189</subfield>
    <subfield code="e">Autore testo/musica</subfield>
    <subfield code="p">Ricordando King Kong</subfield>
    <subfield code="9">7601</subfield>
  </datafield>
  <datafield tag="700" ind1=" " ind2=" ">
    <subfield code="a">Acquisti</subfield>
    <subfield code="d">Codice autore testo/musica SPICS: 14190</subfield>
    <subfield code="e">Autore testo/musica</subfield>
    <subfield code="p">Asdrubale</subfield>
    <subfield code="9">7602</subfield>
  </datafield>
  <datafield tag="700" ind1=" " ind2=" ">
    <subfield code="a">Francis</subfield>
    <subfield code="d">Codice autore SPICS: 14191</subfield>
    <subfield code="e">Autore</subfield>
    <subfield code="p">Asdrubale</subfield>
    <subfield code="9">7603</subfield>
  </datafield>
  <datafield tag="942" ind1=" " ind2=" ">
    <subfield code="c">MD</subfield>
    <subfield code="2">ddc</subfield>
  </datafield>
  <datafield tag="952" ind1=" " ind2=" ">
    <subfield code="0">0</subfield>
    <subfield code="1">0</subfield>
    <subfield code="4">0</subfield>
    <subfield code="6">23928_000000000000000</subfield>
    <subfield code="7">1</subfield>
    <subfield code="a">SPICS</subfield>
    <subfield code="b">SPICS</subfield>
    <subfield code="d">2013-10-25</subfield>
    <subfield code="l">0</subfield>
    <subfield code="o">23928</subfield>
    <subfield code="r">2013-10-25 00:00:00</subfield>
    <subfield code="w">2013-10-25</subfield>
    <subfield code="y">MD</subfield>
    <subfield code="z">Progr. Ins.: 4775 / N.Vol.: 1 / Copie: 1 - Copia rara: n.d. / date import: 01.01.2014 - By Epidotti, Trombetti, Vaglietti</subfield>
  </datafield>
</record>
